|
|
|
|
| LEADER |
00000nab a2200000 a 4500 |
| 001 |
vtls000922939 |
| 003 |
SK-MaSNL |
| 005 |
20260304214135.0 |
| 008 |
040720e19961012xo 0 slo |
| 035 |
|
|
|a KE31816
|
| 040 |
|
|
|a KEVKJB
|b slo
|c KEVKJB
|e AACR2
|
| 041 |
0 |
|
|a slo
|
| 044 |
|
|
|a xo
|c SK
|
| 080 |
|
|
|a 669.1
|2 1981
|
| 100 |
1 |
|
|a Miškufová, Helena
|4 aut
|9 266662
|
| 245 |
1 |
0 |
|a Rana v srdci je skrytá, ale odškodné vidí každý
|b Na tragédiu, ktorá sa stala 27. októbra 1995 vo Východoslovenských železiarňach, nezabudli
|
| 518 |
|
|
|a 1995
|
| 610 |
2 |
7 |
|a Východoslovenské železiarne (Košice, Slovensko)
|2 KEVKJB
|
| 650 |
0 |
7 |
|a výbuchy
|2 KEVKJB
|9 29936
|
| 650 |
0 |
7 |
|a obete
|2 KEVKJB
|9 24014
|
| 650 |
0 |
7 |
|a pozostalí
|2 KEVKJB
|9 31336
|
| 650 |
0 |
7 |
|a spomienky
|2 KEVKJB
|9 55795
|
| 650 |
0 |
7 |
|a reportáže
|2 KEVKJB
|9 75670
|
| 650 |
0 |
7 |
|a plyn
|2 KEVKJB
|9 424141
|
| 651 |
|
7 |
|a Košice (Slovensko)
|2 KEVKJB
|9 18694
|
| 651 |
|
7 |
|a KE,
|2 KEVKJB
|9 877256
|
| 655 |
|
7 |
|a periodikum
|2 snkbucl
|9 29553
|
| 710 |
2 |
|
|a Východoslovenské železiarne (Košice, Slovensko)
|4 aut
|
| 773 |
0 |
8 |
|t Práca
|g Roč. 51, č.239, 12.10.1996, s. 12
|
| 852 |
|
|
|a ZVYKNI
|b KIS3GCP
|
| 999 |
|
|
|c 3139702
|d 3141632
|